Aspects of teaching learning process (A) (Record no. 9165)

MARC details
000 -LEADER
fixed length control field 00615cam a2200217ua 4500
008 - FIXED-LENGTH DATA ELEMENTS--GENERAL INFORMATION
fixed length control field 170921n ii |||gr||||Z||||||asm
020 ## - INTERNATIONAL STANDARD BOOK NUMBER
International Standard Book Number 9789381784617
040 ## - CATALOGING SOURCE
Transcribing agency MAIN
041 ## - LANGUAGE CODE
-- asm
082 ## - DEWEY DECIMAL CLASSIFICATION NUMBER
Classification number 371.3
100 ## - MAIN ENTRY--PERSONAL NAME
Personal name Saikia, Tarun,
Relator term
245 ## - TITLE STATEMENT
Title Aspects of teaching learning process (A)
Statement of responsibility, etc. By Tarun Saikia and Runu Bora Saikia
250 ## - EDITION STATEMENT
Edition statement 4th ed.
260 ## - PUBLICATION, DISTRIBUTION, ETC.
Place of publication, distribution, etc. Jorhat:
Name of publisher, distributor, etc. Bidya bhawan,
Date of publication, distribution, etc. 2017.
300 ## - PHYSICAL DESCRIPTION
Extent 299p.
700 ## - ADDED ENTRY--PERSONAL NAME
Personal name Saikia, Runu Bora,
Relator term
942 ## - ADDED ENTRY ELEMENTS (KOHA)
Koha item type Books
653 ## - INDEX TERM--UNCONTROLLED
Uncontrolled term Schools & their activities special education
653 ## - INDEX TERM--UNCONTROLLED
Uncontrolled term Methods of teaching and learning
Holdings
Withdrawn status Lost status Damaged status Not for loan Home library Current library Shelving location Date acquired Total Checkouts Full call number Barcode Date last seen Date last checked out Copy number Price effective from Koha item type
        Naharkatiya College Library Naharkatiya College Library General Stacks 19/09/2020 11 371.3Methods of teaching | SAI 23800 08/06/2023 19/05/2023 4 19/09/2020 Books
        Naharkatiya College Library Naharkatiya College Library General Stacks 19/09/2020 10 371.3Methods of teaching | SAI 23801 08/06/2023 19/05/2023 3 19/09/2020 Books
        Naharkatiya College Library Naharkatiya College Library General Stacks 19/09/2020 7 371.3Methods of teaching | SAI 23802 03/06/2023 24/05/2023 2 19/09/2020 Books
        Naharkatiya College Library Naharkatiya College Library General Stacks 19/09/2020 8 371.3Methods of teaching | SAI 23803 26/08/2021 31/07/2021 1 19/09/2020 Books

Naharkatiya College © 2020. All rights reserved.

Powered By